Statistics for Africa Map Quiz #3

Click here to take the quiz!

General Stats

  • This quiz has been taken 116 times
  • The average score is 24 of 28

Answers on the Map

Answers color-coded by a green-red scale on the quiz's map according to % correct below.
 

Answer Stats

Answer% Correct
Egypt
100%
South Sudan
100%
Sudan
100%
Ethiopia
94%
Libya
94%
Mali
94%
Mauritania
94%
Morocco
94%
Somalia
94%
Tunisia
94%
Algeria
88%
Djibouti
88%
Ghana
88%
Kenya
88%
Republic of the Congo
88%
Tanzania
88%
Uganda
88%
Cameroon
81%
Democratic Republic of the Congo
81%
Namibia
81%
Nigeria
81%
Zambia
81%
Angola
75%
Eritrea
75%
Ivory Coast
75%
Liberia
75%
Senegal
69%
Sierra Leone
69%

Score Distribution

Percentile by Number Answered

Percent of People with Each Score

Your Score History

You have not taken this quiz